Environmental spillovers, poverty and failure to balance societal demands on water resources in Bangladesh
Salvato in:
| Autore principale: | |
|---|---|
| Altri autori: | , |
| Natura: | Libro |
| Lingua: | inglese |
| Pubblicazione: |
Brisbane
The University of Queensland
1992
|
| Serie: | Discussion Paper
No. 90 |
| Soggetti: | |
| Tags: |
Nessun Tag, puoi essere il primo ad aggiungerne!!
|
MARC
| LEADER | 00000nam a2200000 4500 | ||
|---|---|---|---|
| 001 | c100356 | ||
| 005 | 20221123102148.5 | ||
| 022 | |a 1033-4661 | ||
| 041 | 0 | |a eng | |
| 044 | |a AU | ||
| 245 | 1 | 0 | |a Environmental spillovers, poverty and failure to balance societal demands on water resources in Bangladesh |c C.A. Tisdell, M. Alauddin and M.K. Mujeri |
| 264 | 1 | |a Brisbane |b The University of Queensland |c 1992 | |
| 300 | |a 33 s. | ||
| 490 | 1 | |a Discussion Paper |v No. 90 | |
| 830 | 0 | |a Discussion Paper |v No. 90 | |
| 610 | 2 | 0 | |a voda |
| 610 | 2 | 0 | |a environmentalistika |
| 610 | 2 | 0 | |a chudoba |
| 610 | 2 | 0 | |a spotreba spoločenská |
| 610 | 2 | 0 | |a zdroje vodné |
| 610 | 2 | 0 | |a Bangladéš |
| 100 | 1 | |a Tisdell, C.A. | |
| 700 | 1 | |a Alauddin, M. | |
| 700 | 1 | |a Mujeri, M.K. | |